000 00577nam a2200193Ia 4500
008 151119s9999||||xx |||||||||||||| ||und||
082 _a181.48
082 _bGKKV13376
100 _aकुलकर्णी प्रल्हाद
245 _aदासबोधसुधा
260 _a--
260 _b--
260 _c0
600 _aकुलकर्णी प्रल्हाद
630 _aदासबोधसुधा
700 _aकुलकर्णी प्रल्हाद
730 _aदासबोधसुधा
942 _cBOOK
999 _c1067048
_d1067045